| 000 | 00871nam a2200229Ia 4500 | ||
|---|---|---|---|
| 001 | 18004 | ||
| 003 | GE_BSU | ||
| 008 | 181216s||||||||xx |||||||||||||| ||und|| | ||
| 040 | _cGE_BSU | ||
| 080 | _a811.352.3 | ||
| 100 | _aროგავა, გ. | ||
| 245 | _aორგანული და ნივთიერი კუთვნილების კატეგორია ადიღეურ ენაში | ||
| 260 | _aთბილისი | ||
| 260 | _bთბილ. უნ-ტის გამ-ბა | ||
| 260 | _c1980 | ||
| 300 | _a147გვ. ; 20სმ | ||
| 520 | _aრეზ. რუს | ||
| 541 | _h4ლ. | ||
| 653 | _aადიღეური ენა | ||
| 653 | _aორგანული და ნივთიერი კუთვნილების კატეგორია ადიღეურ ენაში | ||
| 942 | _cBK | ||
| 999 |
_c51047 _d51047 |
||